| 000 | 00624nam a22001937a 4500 | ||
|---|---|---|---|
| 005 | 20251108170447.0 | ||
| 008 | 250721s1987 xx 000 0 ara d | ||
| 082 | 1 | 4 | _a211.85/خال |
| 100 | 1 | _aالخالدي، صلاح عبد الفتاح | |
| 245 | 1 | 0 |
_aالشخصية اليهودية من خلال القرآن : _bتاريخ و سمات و مصير / |
| 264 | 1 |
_aدمشق : _bدار القلم، _c1987. |
|
| 300 | _a406ص | ||
| 490 | 0 | _aمن كنوز القرآن ؛ 3 | |
| 650 | 1 | 7 | _aقصص القرآن |
| 650 | 1 | 7 | _aاليهود |
| 650 | 1 | 7 | _aالقرآن الكريم |
| 942 |
_2ddc _cBK |
||
| 999 |
_c41004 _d41004 |
||